| 000 | 01311 a2200229 4500 | ||
|---|---|---|---|
| 003 | Nust | ||
| 005 | 20221125114141.0 | ||
| 010 | _a 77007565 | ||
| 020 | _a0132503409 | ||
| 040 | _cNust | ||
| 082 | 0 | 0 | _a621.3815,BOY |
| 100 | 1 |
_aBoylestad, Robert L. _983339 |
|
| 245 | 1 | 0 |
_aElectronic devices and circuit theory / _cRobert Boylestad, Louis Nashelsky. |
| 250 | _a2nd ed. / | ||
| 260 |
_aEnglewood Cliffs, N.J. : _bPrentice-Hall, _cc1978. |
||
| 300 |
_axvi, 701 p. : _bill. ; _c24 cm. |
||
| 505 | _aTwo-Terminal Devices (Page-1), Diode Rectifiers and Filters (Page-80), Transistors (BJTs) and Vacuum Tubes (Page-120), DC Biasing (Page-152), Small-Signal Analysis (Page-204), Field-Effect Transistors (Page-283), Multistage Systems Decibels (DB) and Frequency Considerations (Page-322), Large-Signal Amplifiers (Page-378), Pnpn and other Devices (Page-417), Integrated Circuits (ICs) (Page-450), Differential and Operational Amplifiers (Page-471), Feedback Amplifiers and Oscillator Circuits (Page-520), Pulse and Digital Circuits (Page-569), Regulators and Miscellaneous Circuits Applications (Page-594), Cathode Ray Oscilloscope (Page-618). | ||
| 650 | 0 |
_aElectronic apparatus and appliances. _910193 |
|
| 650 | 0 | _aTelecommunication Engineering | |
| 700 | 1 |
_aNashelsky, Louis, _996791 |
|
| 942 |
_2ddc _cBK |
||
| 999 |
_c188374 _d188374 |
||